| 000 | 00386nam a22001457a 4500 | ||
|---|---|---|---|
| 008 | 250320b |||||||| |||| 00| 0 eng d | ||
| 020 | _a9780702081637 | ||
| 050 |
_aSF891 _b.V48 |
||
| 245 | _aVeterinary opthalmic surgery | ||
| 250 | _a2nd | ||
| 260 |
_aU.S _bElsevier _c2022 |
||
| 300 | _aviii,498p | ||
| 650 |
_aVeterinary opthalmology-atlases _vVeterinary surgery-atlases |
||
| 942 | _cBK | ||
| 999 |
_c2571 _d2571 |
||